000 00395nam a2200157 a 4500
008 960123s1990||||[C 0 cze c
020 _a8070330724
_c16
040 _aSNK
_bslo
_cSNK
_eAACR2
041 1 _acze
044 _aCZ
100 1 _aMaléřová, Zuzana
_4aut
245 1 0 _aŽivot je kulatý
_cZuzana Maléřová
250 _a2., nezm.vyd.
260 _aPraha
_bOlympia
_c1990
958 _aA
999 _c14867
_d14867